000 00886nas a2200289 4500
001 BR2016004401
003 BR-BrBNA
005 20231205130654.0
007 ta
008 230509b bl.|||p| |||| 00| 00por d
040 _aBR-BrBNA
_bpor
_cBiblioteca Nacional de Agricultura
041 _a(Pt)
072 _aF04
100 1 _aCaione, G.
100 1 _aLange, A.
100 1 _aBenett, C.G.S.
100 1 _aFernandes, F.M.
245 1 _aFontes de fósforo para adubação de cana-de-açúcar forrageira no cerrado1
650 _aCANA DE AÇÚCAR
650 _aADUBAÇÃO
650 _aFÓSFORO
650 _aCERRADO
773 0 _tPesquisa Agropecuária Tropical (Brazil)
_xISSN 1983-4063
_g(Jan-Mar 2011), v. 41(1) p. 66-73
_wBR2016004401
856 4 0 _uhttp://www.scielo.br/pdf/pat/v41n1/a05v41n1.pdf
909 _a202311
_bLúcia
_c55
_dLúcia Elande
942 _2AGRIS
_n0
_cANA
999 _c250635
_d250635